[Event "TCh-ESP Div Honor 2015"]
[Site "Linares ESP"]
[Date "2015.08.18"]
[Round "4.3"]
[Board "5"]
[White "Cacho Reigadas, Sergio"]
[Black "Moreno Ruiz, Javier"]
[Result "1-0"]
[WhiteTitle "IM"]
[BlackTitle "IM"]
[WhiteElo "2512"]
[BlackElo "2467"]
[WhiteTeam "Solvay"]
[BlackTeam "Ajedrez Collado Villalba"]
[WhiteFideId "2202450"]
[BlackFideId "2203146"]
[EventDate "2015.08.15"]

1. d4 Nf6 2. Nf3 e6 3. Bf4 c5 4. e3 cxd4 5. exd4 b6 6. Nbd2 Bb7 7. Bd3 Be7 8. h3
d6 9. O-O O-O 10. Re1 Nbd7 11. c3 Re8 12. Bh2 a6 13. a4 Qc7 14. Qb3 Bf8 15. Re2
h6 16. Rae1 Bc6 17. Qa3 b5 18. a5 Bd5 19. Re3 Qc6 20. Qa1 Rad8 21. Bf1 Qc7 22.
b3 Bc6 23. c4 Qb7 24. Bg3 Qa8 25. d5 exd5 26. Rxe8 Nxe8 27. cxb5 Bxb5 28. Bxb5
axb5 29. Nd4 Nc7 30. Qc3 Nc5 31. b4 N5e6 32. N2b3 Qb7 33. Rc1 Na6 34. f3 Rd7 35.
Qc8 Qxc8 36. Rxc8 Nxb4 37. Nxb5 Rd8 38. Rxd8 Nxd8 39. Nc7 Ne6 40. Nb5 Na6 41.
Bxd6 Bxd6 42. Nxd6 Kf8 43. Kf2 Ke7 44. Nf5+ Kf6 45. Nfd4 Ke5 46. Ke3 g5 47. g3
Nb4 48. f4+ gxf4+ 49. gxf4+ Kf6 50. Nxe6 fxe6 51. Nc5 Nc6 52. a6 Ke7 53. Nb3 Kd6
54. Nd4 Na7 55. h4 Ke7 56. Nf3 h5 57. Nd4 Kf6 58. Ne2 Kf5 59. Kf3 Nc6 60. Ng3+
Kg6 61. Ke2 Kh6 62. Kd2 Kg6 63. Kc3 Kf6 64. Nxh5+ Kf5 65. Ng7+ Kf6 66. Ne8+ Kf5
67. Nc7 d4+ 68. Kd2 Kxf4 69. Nxe6+ Ke5 70. Nd8 Na7 71. Kd3 Nb5 72. Nc6+ Kf4 73.
Nxd4 Na7 74. Kc4 Ke5 75. h5 1-0

[Event "TCh-ESP Div Honor 2015"]
[Site "Linares ESP"]
[Date "2015.08.18"]
[Round "4.3"]
[Board "6"]
[White "Touzane, Olivier"]
[Black "Ubilava, Elizbar"]
[Result "1/2-1/2"]
[WhiteTitle "IM"]
[BlackTitle "GM"]
[WhiteElo "2339"]
[BlackElo "2481"]
[WhiteTeam "Ajedrez Collado Villalba"]
[BlackTeam "Solvay"]
[WhiteFideId "602906"]
[BlackFideId "13600052"]
[EventDate "2015.08.15"]

1. g3 d5 2. Bg2 e5 3. d3 c6 4. Nf3 Bd6 5. O-O Nf6 6. e4 O-O 7. Nc3 d4 8. Nb1 c5
9. a4 Nc6 10. Na3 a6 11. Bd2 Rb8 12. Nc4 b5 13. axb5 axb5 14. Nxd6 Qxd6 15. Nh4
g6 16. h3 c4 17. f4 Nd7 18. f5 Re8 19. Qf3 Qf8 20. Rf2 Qg7 21. f6 Qf8 22. g4 Nc5
23. Raf1 cxd3 24. cxd3 Re6 25. Qg3 Nb3 26. Be1 Kh8 27. Nf3 h6 28. Qh4 Kg8 29. g5
b4 30. Nh2 Re8 31. gxh6 Nd8 32. Bf3 Kh7 33. Bd1 Nc5 34. Be2 Nde6 35. Nf3 Nf4 36.
Ng5+ Kh8 37. Rxf4 exf4 38. Qxf4 Ba6 39. Qc7 Rb7 40. Nxf7+ Qxf7 41. Qxc5 Rb5 42.
Qxd4 Bc8 43. Kh2 Kh7 44. Bxb4 Be6 45. Bg4 Qc7+ 46. Bd6 Qf7 47. Be7 Bb3 48. Bd7
Reb8 49. Bxb5 Rxb5 50. Ra1 Rb7 51. Ra8 Rxe7 52. Rh8+ Kxh8 53. fxe7+ Kh7 54. Qg7+
Qxg7 55. hxg7 Ba4 56. Kg3 Kxg7 57. Kf4 Kf6 58. h4 Ke6 59. d4 Be8 60. b4 Ba4 61.
Kg5 Be8 62. Kf4 Kd6 63. d5 Kxe7 64. e5 Bb5 65. Ke4 Kd7 66. Kd4 Ba6 67. Kc5 Bb7
68. b5 Ba8 69. b6 Bb7 70. Kc4 Ke7 71. Kd4 Kd7 72. Kc4 Ke7 73. Kc5 Kd7 74. Kd4
Ke7 75. Kc5 1/2-1/2

[Event "TCh-ESP Div Honor 2015"]
[Site "Linares ESP"]
[Date "2015.08.18"]
[Round "4.4"]
[Board "1"]
[White "Rakhmanov, Aleksandr"]
[Black "Dominguez Perez, Leinier"]
[Result "1/2-1/2"]
[WhiteTitle "GM"]
[BlackTitle "GM"]
[WhiteElo "2620"]
[BlackElo "2736"]
[WhiteTeam "Escola d'escacs de Barcelona"]
[BlackTeam "Sestao Fundacion EDP"]
[WhiteFideId "4173708"]
[BlackFideId "3503240"]
[EventDate "2015.08.15"]

1. Nf3 c5 2. c4 Nf6 3. Nc3 Nc6 4. g3 d5 5. d4 e6 6. cxd5 Nxd5 7. Bg2 cxd4 8.
Nxd4 Nxc3 9. bxc3 Nxd4 10. Qxd4 Qxd4 11. cxd4 Bd6 12. O-O Rb8 13. e4 b6 14. Bb2
Bb7 15. Rac1 f6 16. Rfd1 Kd7 17. e5 Bxg2 18. Kxg2 Be7 19. d5 Rhc8 20. exf6 gxf6
21. dxe6+ Kxe6 22. Re1+ Kf7 23. Red1 Ke6 24. Re1+ Kf7 25. Red1 Rxc1 26. Rxc1 Rb7
27. a4 b5 28. axb5 Rxb5 29. Bd4 a5 30. Rc6 a4 31. Ra6 Rb4 32. Ba1 h5 33. h3 h4
34. gxh4 Rxh4 35. Kg3 Rc4 36. h4 a3 37. Bxf6 Bxf6 38. Rxa3 Bxh4+ 39. Kf3 Rc2 40.
Ke4 Bxf2 41. Ra6 Bh4 42. Rb6 Bf6 43. Ra6 Kg6 44. Ra5 Rh2 45. Rb5 Rh4+ 46. Kd3
Kf7 47. Rb6 Be5 48. Rc6 Ke7 49. Rc8 Ke6 50. Re8+ Kd5 51. Rd8+ Bd6 52. Kd2 Rh3
53. Ke2 Ke5 54. Kd2 Bb4+ 55. Ke2 Bc5 56. Re8+ Kd5 57. Rd8+ Kc4 58. Re8 Bd4 59.
Rc8+ Kd5 60. Rd8+ Ke4 61. Re8+ Be5 62. Ke1 Rh2 63. Re7 Kd4 64. Kf1 Bf4 65. Re2
Rh8 66. Re7 Kd3 67. Kg2 Rf8 68. Re6 Be3 69. Kg3 Kd4 70. Rd6+ Ke5 71. Ra6 Bd4 72.
Kg4 Rf1 73. Ra5+ Ke4 74. Ra4 Rg1+ 75. Kh4 Ke5 76. Kh3 Rg8 77. Rb4 Be3 78. Rg4
Ra8 79. Rb4 Kf5 80. Kg2 Ra3 81. Rc4 Bf4 82. Kf2 Re3 83. Rc8 Rd3 84. Rf8+ Kg4 85.
Rg8+ Bg5 86. Re8 Rd6 87. Re4+ Bf4 88. Re8 Rd2+ 89. Re2 Rxe2+ 90. Kxe2 1/2-1/2

[Event "TCh-ESP Div Honor 2015"]
[Site "Linares ESP"]
[Date "2015.08.18"]
[Round "4.4"]
[Board "2"]
[White "Ponomariov, Ruslan"]
[Black "Spraggett, Kevin"]
[Result "1-0"]
[WhiteTitle "GM"]
[BlackTitle "GM"]
[WhiteElo "2711"]
[BlackElo "2545"]
[WhiteTeam "Sestao Fundacion EDP"]
[BlackTeam "Escola d'escacs de Barcelona"]
[WhiteFideId "14103320"]
[BlackFideId "2600013"]
[EventDate "2015.08.15"]

1. e4 Nf6 2. e5 Nd5 3. d4 d6 4. Nf3 Nc6 5. c4 Nb6 6. e6 fxe6 7. Be3 g6 8. h4 Bg7
9. h5 e5 10. d5 e4 11. Ng5 Ne5 12. hxg6 hxg6 13. Rxh8+ Bxh8 14. Nxe4 c5 15. Nbc3
Bf5 16. Be2 a6 17. b3 Qd7 18. Rc1 O-O-O 19. a4 Bg7 20. f3 Rh8 21. Nf2 Qe8 22. g4
Bd7 23. a5 Na8 24. Nce4 Kb8 25. b4 cxb4 26. Qb3 Rh2 27. Qxb4 Qf8 28. Rb1 Bc8 29.
f4 Nd7 30. c5 Nf6 31. Bxa6 Nxe4 32. Qxe4 Bc3+ 33. Kf1 Qh8 34. c6 Nc7 35. cxb7
Rxf2+ 36. Bxf2 Qh3+ 37. Qg2 1-0

[Event "TCh-ESP Div Honor 2015"]
[Site "Linares ESP"]
[Date "2015.08.18"]
[Round "4.4"]
[Board "3"]
[White "Narciso Dublan, Marc"]
[Black "Fressinet, Laurent"]
[Result "0-1"]
[WhiteTitle "GM"]
[BlackTitle "GM"]
[WhiteElo "2532"]
[BlackElo "2710"]
[WhiteTeam "Escola d'escacs de Barcelona"]
[BlackTeam "Sestao Fundacion EDP"]
[WhiteFideId "2201500"]
[BlackFideId "608742"]
[EventDate "2015.08.15"]

1. d4 d5 2. c4 e6 3. Nf3 Nf6 4. Nc3 Bb4 5. cxd5 exd5 6. Bg5 h6 7. Bxf6 Qxf6 8.
Qa4+ Nc6 9. e3 O-O 10. Be2 a6 11. a3 Bxc3+ 12. bxc3 Bf5 13. c4 b5 14. cxb5 axb5
15. Qb3 Qd6 16. Qxb5 Rfb8 17. Qc5 Qxc5 18. dxc5 Rb2 19. Kf1 Ra5 20. Ne1 Rxc5 21.
h4 Na5 22. Bd1 Rcb5 23. h5 Rb1 24. Rxb1 Rxb1 25. Ke2 Rb2+ 26. Kf3 c5 27. Kg3 Rb1
28. Bf3 d4 29. exd4 cxd4 30. Rh4 Rxe1 31. Rxd4 Be6 32. Rd8+ Kh7 33. Kf4 g5+ 34.
hxg6+ Kxg6 35. Ra8 Nc4 36. a4 Ra1 37. Ra6 Kg7 38. Bc6 Ra2 39. Kg3 Nd2 40. f4 Nb3
41. Ra8 Nd4 42. Be4 Ne2+ 43. Kf3 Nc3 44. Bc6 Bd5+ 45. Bxd5 Nxd5 46. a5 Nb4 47.
g4 Nc6 48. a6 Nb4 49. a7 Nc6 0-1

[Event "TCh-ESP Div Honor 2015"]
[Site "Linares ESP"]
[Date "2015.08.18"]
[Round "4.4"]
[Board "4"]
[White "Vallejo Pons, Francisco"]
[Black "Romero Holmes, Alfonso"]
[Result "1-0"]
[WhiteTitle "GM"]
[BlackTitle "GM"]
[WhiteElo "2686"]
[BlackElo "2451"]
[WhiteTeam "Sestao Fundacion EDP"]
[BlackTeam "Escola d'escacs de Barcelona"]
[WhiteFideId "2205530"]
[BlackFideId "2200066"]
[EventDate "2015.08.15"]

1. d4 f5 2. g3 Nf6 3. Bg2 e6 4. c4 Be7 5. Nf3 d5 6. O-O O-O 7. b3 Nc6 8. Nc3 Ne4
9. Bb2 Bd7 10. cxd5 Nxc3 11. Bxc3 exd5 12. b4 a6 13. Qb3 Be8 14. Ne1 Bf7 15. a4
Na7 16. b5 axb5 17. axb5 c6 18. bxc6 bxc6 19. Qb7 Nb5 20. Qxc6 Na3 21. Bb2 Rc8
22. Qa6 Nc4 23. Nd3 Ra8 24. Qxa8 Qxa8 25. Rxa8 Rxa8 26. Ra1 Rxa1+ 27. Bxa1 Bd6
28. Bc3 Kf8 29. e3 Ke7 30. Kf1 Ke6 31. Ke1 g5 32. h3 Bg6 33. Nc5+ Bxc5 34. dxc5
Be8 35. g4 Bg6 36. Bf3 fxg4 37. hxg4 Be4 38. Be2 Bc2 39. Bd4 Bb1 40. f3 Bg6 41.
f4 gxf4 42. exf4 Be4 43. Kf2 Na3 44. f5+ Kd7 45. f6 Bg6 46. g5 Nc2 47. Bb5+ Ke6
48. c6 Nxd4 49. c7 Nxb5 50. c8=Q+ Ke5 51. Qd7 1-0

[Event "TCh-ESP Div Honor 2015"]
[Site "Linares ESP"]
[Date "2015.08.18"]
[Round "4.4"]
[Board "5"]
[White "Gual Pascual, Antonio"]
[Black "Rodshtein, Maxim"]
[Result "0-1"]
[WhiteTitle "IM"]
[BlackTitle "GM"]
[WhiteElo "2439"]
[BlackElo "2678"]
[WhiteTeam "Escola d'escacs de Barcelona"]
[BlackTeam "Sestao Fundacion EDP"]
[WhiteFideId "2200589"]
[BlackFideId "2806851"]
[EventDate "2015.08.15"]

1. d4 Nf6 2. c4 e6 3. Nc3 Bb4 4. e3 O-O 5. Bd3 d5 6. Nf3 b6 7. O-O Bb7 8. cxd5
exd5 9. Ne5 Re8 10. f4 Ba6 11. Bxa6 Nxa6 12. Ne2 Bf8 13. Qa4 Qc8 14. Ng3 c5 15.
Bd2 Qb7 16. a3 Nc7 17. Qb3 Ne6 18. Bc3 b5 19. dxc5 Nxc5 20. Qd1 Nfe4 21. Bd4
Nxg3 22. hxg3 Ne4 23. g4 f6 24. Nd3 Rac8 25. g5 fxg5 26. fxg5 Nxg5 27. Rf5 Ne6
28. Qf3 g6 29. Rxd5 Rcd8 30. Qf6 Qg7 31. Qxe6+ Rxe6 32. Rxd8 Qc7 33. Ra8 Qc6 34.
Rxa7 Re7 35. Rc1 Qe8 36. Rxe7 Bxe7 37. Kf2 Bd6 38. b4 g5 39. Nc5 g4 40. Ke2 Qa8
41. Kd3 Qxa3+ 42. Rc3 Qxb4 43. Ke4 Kf7 44. Kd5 Be7 45. Rc1 h5 46. g3 Qd2 47.
Rf1+ Ke8 48. Ne4 Qe2 49. Rf2 Qc4+ 50. Ke5 Qc7+ 51. Ke6 Qc6+ 52. Ke5 b4 53. Nf6+
Kd8 54. Kf5 b3 55. Nxh5 Qd5+ 0-1

[Event "TCh-ESP Div Honor 2015"]
[Site "Linares ESP"]
[Date "2015.08.18"]
[Round "4.4"]
[Board "6"]
[White "Del Rio De Angelis, Salvador G."]
[Black "Aranaz Murillo, Amalia"]
[Result "1/2-1/2"]
[WhiteTitle "GM"]
[BlackTitle "WIM"]
[WhiteElo "2511"]
[BlackElo "2287"]
[WhiteTeam "Sestao Fundacion EDP"]
[BlackTeam "Escola d'escacs de Barcelona"]
[WhiteFideId "2203138"]
[BlackFideId "22200371"]
[EventDate "2015.08.15"]

1. d4 e6 2. c4 Bb4+ 3. Nc3 c5 4. e3 Nc6 5. Nf3 cxd4 6. exd4 d5 7. Bd3 Nf6 8. O-O
dxc4 9. Bxc4 O-O 10. a3 Be7 11. Re1 Bd7 12. Qe2 Rc8 13. Bf4 Be8 14. Rad1 Nd5 15.
Nxd5 exd5 16. Ba2 Bd6 17. Ne5 Ne7 18. Bb1 Ng6 19. Bxg6 hxg6 20. Nxg6 fxg6 21.
Qe6+ Bf7 22. Qxd6 Qxd6 23. Bxd6 Rfd8 24. Bb4 Rc2 25. Bc3 Re8 26. Re5 Rxe5 27.
dxe5 Kf8 28. h3 Ke7 29. Rd4 Ke6 30. Ra4 a6 31. Rb4 b5 32. a4 Be8 33. a5 Rc1+ 34.
Kh2 Ra1 35. Rh4 Ra4 36. Rxa4 bxa4 37. g4 g5 38. Kg3 Bb5 39. f4 g6 40. fxg5 Bf1
41. h4 Be2 42. Kf4 Bd1 43. h5 gxh5 44. g6 Bxg4 45. Kg5 Ke7 46. Bd4 Kf8 47. Bc5+
Kg8 48. Bg1 Kg7 49. Bf2 Be6 50. Bh4 Bg4 51. Bf2 Be6 52. Bh4 1/2-1/2

[Event "TCh-ESP Div Honor 2015"]
[Site "Linares ESP"]
[Date "2015.08.19"]
[Round "5.1"]
[Board "1"]
[White "Dominguez Perez, Leinier"]
[Black "Van Wely, Loek"]
[Result "1/2-1/2"]
[WhiteTitle "GM"]
[BlackTitle "GM"]
[WhiteElo "2736"]
[BlackElo "2654"]
[WhiteTeam "Sestao Fundacion EDP"]
[BlackTeam "Gros Xake Taldea"]
[WhiteFideId "3503240"]
[BlackFideId "1000268"]
[EventDate "2015.08.15"]

1. d4 d5 2. c4 c6 3. Nf3 Nf6 4. e3 e6 5. b3 Nbd7 6. Bd3 Bb4+ 7. Nbd2 e5 8. dxe5
Bc3 9. Rb1 Nxe5 10. Nxe5 Bxe5 11. Qc2 O-O 12. Nf3 Bc7 13. Bb2 Ba5+ 14. Ke2 h6
15. Rhd1 Be6 16. h3 Qe7 17. Kf1 Rad8 18. Nd4 Ne4 19. Bxe4 dxe4 20. Nxe6 Qxe6 21.
Bc3 Bc7 22. Rxd8 Rxd8 23. Rd1 Rxd1+ 24. Qxd1 Qd6 25. Qxd6 Bxd6 26. g4 g6 27. Bf6
h5 28. gxh5 gxh5 29. f3 exf3 30. Kf2 Kh7 31. Kxf3 Kg6 32. Bd4 a6 33. Ke4 1/2-1/2

[Event "TCh-ESP Div Honor 2015"]
[Site "Linares ESP"]
[Date "2015.08.19"]
[Round "5.1"]
[Board "2"]
[White "Naiditsch, Arkadij"]
[Black "Ponomariov, Ruslan"]
[Result "1-0"]
[WhiteTitle "GM"]
[BlackTitle "GM"]
[WhiteElo "2685"]
[BlackElo "2711"]
[WhiteTeam "Gros Xake Taldea"]
[BlackTeam "Sestao Fundacion EDP"]
[WhiteFideId "4650891"]
[BlackFideId "14103320"]
[EventDate "2015.08.15"]

1. e4 c6 2. d4 d5 3. e5 Bf5 4. Nf3 e6 5. Be2 Ne7 6. O-O h6 7. Nbd2 Nd7 8. Nb3
Qc7 9. Bd2 g5 10. Bb4 Ng6 11. Bxf8 Rxf8 12. Ne1 Nf4 13. Bd3 Nxd3 14. Nxd3 O-O-O
15. Ndc5 Nxc5 16. Nxc5 b6 17. Na6 Qe7 18. a4 f6 19. exf6 Rxf6 20. a5 e5 21. axb6
axb6 22. Qe2 Kd7 23. dxe5 Re6 24. Qh5 Rxe5 25. Qxh6 Re6 26. Qh5 Qf6 27. Nb4 Be4
28. Qh3 c5 29. Ra7+ Kd6 30. Nd3 Bxd3 31. Qxd3 Qxb2 32. Qh7 1-0

[Event "TCh-ESP Div Honor 2015"]
[Site "Linares ESP"]
[Date "2015.08.19"]
[Round "5.1"]
[Board "3"]
[White "Fressinet, Laurent"]
[Black "Franco Alonso, Alejandro"]
[Result "1/2-1/2"]
[WhiteTitle "GM"]
[BlackTitle "IM"]
[WhiteElo "2710"]
[BlackElo "2459"]
[WhiteTeam "Sestao Fundacion EDP"]
[BlackTeam "Gros Xake Taldea"]
[WhiteFideId "608742"]
[BlackFideId "2214067"]
[EventDate "2015.08.15"]

1. Nf3 d5 2. g3 Nf6 3. Bg2 e6 4. O-O b5 5. d3 Bb7 6. c4 a6 7. b3 Be7 8. Na3 b4
9. Nc2 c5 10. Bb2 dxc4 11. dxc4 Qb6 12. a3 Nbd7 13. axb4 cxb4 14. Nce1 O-O 15.
Nd3 Rfd8 16. Qc2 Ne4 17. Nfe5 Ndc5 18. Rad1 f6 19. Nxc5 Nxc5 20. Bxb7 Qxb7 21.
Nd3 a5 22. Nxc5 Bxc5 23. e3 Qf3 24. Rd2 a4 25. bxa4 Rxd2 26. Qxd2 Qc6 27. Ra1
Rxa4 28. Qd8+ Bf8 29. Rxa4 Qxa4 30. Qc8 Qd1+ 31. Kg2 Qd6 32. c5 1/2-1/2

[Event "TCh-ESP Div Honor 2015"]
[Site "Linares ESP"]
[Date "2015.08.19"]
[Round "5.1"]
[Board "4"]
[White "Gonzalez De La Torre, Santiago"]
[Black "Vallejo Pons, Francisco"]
[Result "1/2-1/2"]
[WhiteTitle "IM"]
[BlackTitle "GM"]
[WhiteElo "2438"]
[BlackElo "2686"]
[WhiteTeam "Gros Xake Taldea"]
[BlackTeam "Sestao Fundacion EDP"]
[WhiteFideId "2221667"]
[BlackFideId "2205530"]
[EventDate "2015.08.15"]

1. e4 c5 2. Nf3 e6 3. d4 cxd4 4. Nxd4 a6 5. Be2 Nf6 6. Nc3 d6 7. O-O Nbd7 8. f4
b5 9. Bf3 Bb7 10. Re1 Rc8 11. Nd5 e5 12. Kh1 exd4 13. e5 Nxd5 14. exd6+ Be7 15.
Qxd4 N7f6 16. dxe7 Qd6 17. Bd2 Kd7 18. Rad1 Rc4 19. Qa7 Qb8 20. Qxb8 Rxb8 21.
Bc3 Rxc3 22. bxc3 Re8 23. g4 Rxe7 24. Rxe7+ Kxe7 25. g5 Ne4 26. Bxe4 Nxc3 27.
Bxb7 Nxd1 28. Bxa6 Nc3 29. Kg2 Kd6 30. Kf3 Kc5 31. Bb7 Nxa2 32. Be4 g6 33. f5
Nc3 34. Bd3 Kd4 35. f6 b4 36. Ba6 Ke5 1/2-1/2

[Event "TCh-ESP Div Honor 2015"]
[Site "Linares ESP"]
[Date "2015.08.19"]
[Round "5.1"]
[Board "5"]
[White "Rodshtein, Maxim"]
[Black "Argandona Riveiro, Inigo"]
[Result "1/2-1/2"]
[WhiteTitle "GM"]
[BlackTitle "IM"]
[WhiteElo "2678"]
[BlackElo "2429"]
[WhiteTeam "Sestao Fundacion EDP"]
[BlackTeam "Gros Xake Taldea"]
[WhiteFideId "2806851"]
[BlackFideId "2212072"]
[EventDate "2015.08.15"]

1. d4 d6 2. e4 Nf6 3. Nc3 e5 4. Nf3 exd4 5. Nxd4 Be7 6. Nde2 O-O 7. g3 Re8 8.
Bg2 c6 9. O-O Bf8 10. h3 b5 11. a3 a5 12. g4 Bb7 13. g5 Nfd7 14. Ng3 b4 15. axb4
axb4 16. Rxa8 Bxa8 17. Na4 c5 18. b3 c4 19. Bf4 cxb3 20. cxb3 Nc5 21. Re1 Ne6
22. Qd2 Nxf4 23. Qxf4 Nd7 24. Nf5 d5 25. Rd1 dxe4 26. Ng3 Qe7 27. Bxe4 Bxe4 28.
Qxe4 Qxe4 29. Nxe4 Rxe4 30. Rxd7 Be7 31. Rd5 Re1+ 32. Kg2 Rb1 33. Re5 Kf8 34.
Nb6 Rxb3 35. Nc8 Bd8 36. Nd6 Be7 37. Nc8 1/2-1/2

[Event "TCh-ESP Div Honor 2015"]
[Site "Linares ESP"]
[Date "2015.08.19"]
[Round "5.1"]
[Board "6"]
[White "Etchegaray, Patrice"]
[Black "Salgado Lopez, Ivan"]
[Result "0-1"]
[WhiteTitle "IM"]
[BlackTitle "GM"]
[WhiteElo "2393"]
[BlackElo "2615"]
[WhiteTeam "Gros Xake Taldea"]
[BlackTeam "Sestao Fundacion EDP"]
[WhiteFideId "601047"]
[BlackFideId "2257327"]
[EventDate "2015.08.15"]

1. e4 c5 2. Nf3 e6 3. c3 Nf6 4. e5 Nd5 5. d4 cxd4 6. cxd4 b6 7. Nc3 Nxc3 8. bxc3
Bb7 9. Bd3 d6 10. O-O Be7 11. Re1 Nc6 12. Bf4 Rc8 13. Rc1 dxe5 14. Nxe5 Nxe5 15.
Bxe5 O-O 16. Re3 g6 17. Rh3 Bf6 18. Qd2 Bg5 19. Bf4 Qd5 20. Bf1 Bxf4 21. Qxf4 h5
22. Qh6 Rfd8 23. Re1 Qd6 24. Re5 Qf8 25. Rexh5 Qxh6 26. Rxh6 Kg7 27. Rh7+ Kf6
28. Re3 Rc7 29. Be2 Rd5 30. h4 Ra5 31. Bf3 Bxf3 32. Rxf3+ Rf5 33. Re3 Ke7 34. g4
Ra5 35. Rf3 Kf8 36. h5 gxh5 37. Rxh5 Rxa2 38. Re5 Rc2 39. Ree3 Kg7 40. Kf1 Rc4
41. Rd3 a5 42. Ke1 a4 43. Kd1 Rb2 44. Rd2 Rb3 45. Kc2 b5 46. d5 exd5 47. Rxd5 b4
48. Rdd3 Rxg4 49. Rg3 Rxg3 50. Rxg3+ Kf6 51. cxb4 Rxb4 52. Rf3+ Kg6 53. Rc3 Kg5
54. Rg3+ Rg4 55. Ra3 Rd4 56. Rg3+ Kf5 57. Ra3 Ke5 58. Kc1 f5 59. Kc2 Ke4 60.
Re3+ Kf4 61. Ra3 Rb4 62. Kd2 Ke4 63. Kc2 Kd5 64. Rf3 Ke5 65. Ra3 Rf4 66. Kd1 Kd5
67. Ke2 Kc5 68. Ra1 Kb4 69. Rb1+ Kc3 70. Rb8 a3 0-1

[Event "TCh-ESP Div Honor 2015"]
[Site "Linares ESP"]
[Date "2015.08.19"]
[Round "5.2"]
[Board "1"]
[White "Granda Zuniga, Julio E"]
[Black "Rakhmanov, Aleksandr"]
[Result "0-1"]
[WhiteTitle "GM"]
[BlackTitle "GM"]
[WhiteElo "2663"]
[BlackElo "2620"]
[WhiteTeam "Ajedrez Collado Villalba"]
[BlackTeam "Escola d'escacs de Barcelona"]
[WhiteFideId "3800024"]
[BlackFideId "4173708"]
[EventDate "2015.08.15"]

1. e4 c5 2. Nf3 Nf6 3. Nc3 d5 4. exd5 Nxd5 5. Bb5+ Bd7 6. Ne5 Nf6 7. Qf3 Qc8 8.
a4 a6 9. Bxd7+ Nbxd7 10. Nc4 e6 11. Ra3 b6 12. Rb3 Rb8 13. d3 Qb7 14. Ne4 Nxe4
15. dxe4 Qc6 16. Bf4 b5 17. axb5 axb5 18. O-O Ra8 19. Ne5 Nxe5 20. Bxe5 c4 21.
Re3 f6 22. Bg3 Bc5 23. Re2 O-O 24. Bf4 Rfd8 25. g3 Rd7 26. Kg2 Rad8 27. e5 Qxf3+
28. Kxf3 f5 29. Ra1 Ra7 30. Rxa7 Bxa7 31. Re1 Rd5 32. g4 fxg4+ 33. Kxg4 Bxf2 34.
Re2 Bc5 35. h4 Rd1 36. h5 Kf7 37. b3 h6 38. bxc4 bxc4 39. Re4 Rd4 40. Re2 g5 41.
hxg6+ Kxg6 42. Rh2 h5+ 43. Kf3 Be7 44. Be3 Rg4 45. c3 Bg5 0-1

[Event "TCh-ESP Div Honor 2015"]
[Site "Linares ESP"]
[Date "2015.08.19"]
[Round "5.2"]
[Board "2"]
[White "Spraggett, Kevin"]
[Black "Fier, Alexandr"]
[Result "1-0"]
[WhiteTitle "GM"]
[BlackTitle "GM"]
[WhiteElo "2545"]
[BlackElo "2636"]
[WhiteTeam "Escola d'escacs de Barcelona"]
[BlackTeam "Ajedrez Collado Villalba"]
[WhiteFideId "2600013"]
[BlackFideId "2107139"]
[EventDate "2015.08.15"]

1. c4 Nf6 2. Nc3 c5 3. g3 d5 4. cxd5 Nxd5 5. Bg2 Nc7 6. b3 e5 7. Bb2 Be7 8. Rc1
Ne6 9. Nd5 Bd6 10. e3 O-O 11. Ne2 Bd7 12. O-O Bc6 13. d4 Nd7 14. dxc5 Ndxc5 15.
Nec3 a5 16. Rc2 f5 17. Rd2 e4 18. Nf4 Bxf4 19. Rxd8 Rfxd8 20. Qe2 Bg5 21. Nb5
Rd3 22. Nd4 Nxd4 23. Bxd4 Ne6 24. Be5 Rad8 25. h4 Be7 26. Rc1 Ba3 27. Rxc6 bxc6
28. g4 g6 29. gxf5 gxf5 30. Bxe4 fxe4 31. Qg4+ Kf7 32. Qf5+ Ke7 33. Bf6+ Kd6 34.
Bxd8 Nxd8 35. Qf8+ Ke6 36. Qxa3 Nf7 37. Qa4 Nd6 38. Qxc6 Rd5 39. a4 h5 40. Qb6
Kf5 41. Qd8 Ke6 42. Qg8+ Ke5 43. Qg6 Rd1+ 44. Kg2 Rd3 45. Qxh5+ Nf5 46. Qe8+ Kd5
47. h5 1-0

[Event "TCh-ESP Div Honor 2015"]
[Site "Linares ESP"]
[Date "2015.08.19"]
[Round "5.2"]
[Board "3"]
[White "Vazquez Igarza, Renier"]
[Black "Narciso Dublan, Marc"]
[Result "1/2-1/2"]
[WhiteTitle "GM"]
[BlackTitle "GM"]
[WhiteElo "2581"]
[BlackElo "2532"]
[WhiteTeam "Ajedrez Collado Villalba"]
[BlackTeam "Escola d'escacs de Barcelona"]
[WhiteFideId "3503054"]
[BlackFideId "2201500"]
[EventDate "2015.08.15"]

1. d4 d6 2. Nf3 Bg4 3. e4 Nf6 4. h3 Bh5 5. Nbd2 e6 6. Bd3 Be7 7. c3 c6 8. Qe2 d5
9. O-O O-O 10. Re1 dxe4 11. Nxe4 Nxe4 12. Bxe4 Nd7 13. Bc2 Nf6 14. Bb3 Bxf3 15.
Qxf3 a5 16. Qg3 a4 17. Bc2 Re8 18. a3 g6 19. Bd2 Qb6 20. Rab1 Bf8 21. Qf3 Bg7
22. Bg5 Nd5 23. h4 Qc7 24. h5 h6 25. Bh4 g5 26. Bg3 Qd7 27. Re2 b5 28. Rbe1 Re7
29. Qd3 f5 30. Be5 Bxe5 31. Rxe5 Rf8 32. g3 Nb6 33. Qe2 Nc4 34. Rxe6 Rxe6 35.
Qxe6+ Qxe6 36. Rxe6 Nxb2 37. Rxc6 f4 38. Rg6+ Kf7 39. Rb6 fxg3 40. fxg3 Nc4 41.
Rxb5 Kg7 42. Rb7+ Kg8 43. Bh7+ Kh8 44. Bd3 Nd2 45. Re7 Rf3 46. Bb5 Rxg3+ 47. Kf2
Rxc3 48. d5 Nb3 49. d6 Nc5 50. d7 Nxd7 51. Bxd7 Rxa3 52. Bf5 Ra1 53. Rh7+ Kg8
54. Rxh6 a3 55. Ra6 Rh1 56. Kg3 Rxh5 57. Kg4 Rh2 58. Ra7 Rh6 59. Rxa3 Kf7 60.
Kxg5 Rb6 61. Ra7+ Ke8 62. Kf4 Kd8 63. Ke5 Rc6 64. Be6 Rc7 65. Ra8+ Ke7 66. Rh8
Rc5+ 67. Bd5 Rc7 68. Rh6 Rd7 69. Bc6 Rc7 70. Rh7+ Kd8 71. Rh8+ Ke7 72. Kd5 Kf6
73. Kd6 Ra7 74. Rh1 Ra6 75. Rf1+ Kg6 76. Kd5 Kg5 77. Bd7 Rf6 78. Rg1+ Kf4 79.
Be6 Ke3 80. Ke5 Rf8 81. Ra1 Re8 82. Ra3+ Ke2 83. Kd5 Kd2 84. Bf5 Re3 85. Ra2+
Kc3 86. Be4 Kb4 87. Kd4 Rh3 88. Ra8 Rh4 89. Rb8+ Ka4 90. Rb1 Rg4 91. Kd5 Ka3 92.
Rb7 Rh4 93. Rb8 Rg4 94. Kd4 Ka4 95. Kd3 Ka5 96. Rb1 Rh4 97. Rb2 Rg4 98. Kd4 Ka4
99. Rh2 Rf4 100. Rh8 Rg4 101. Ra8+ Kb4 102. Re8 Rh4 103. Rb8+ Ka4 1/2-1/2

[Event "TCh-ESP Div Honor 2015"]
[Site "Linares ESP"]
[Date "2015.08.19"]
[Round "5.2"]
[Board "4"]
[White "Romero Holmes, Alfonso"]
[Black "Arribas Lopez, Angel"]
[Result "1/2-1/2"]
[WhiteTitle "GM"]
[BlackTitle "GM"]
[WhiteElo "2451"]
[BlackElo "2559"]
[WhiteTeam "Escola d'escacs de Barcelona"]
[BlackTeam "Ajedrez Collado Villalba"]
[WhiteFideId "2200066"]
[BlackFideId "2283352"]
[EventDate "2015.08.15"]

1. d4 g6 2. e4 Bg7 3. c4 d6 4. Nc3 Nf6 5. Nge2 h5 6. Bg5 O-O 7. Qd2 c5 8. d5 a6
9. a4 Qa5 10. Ra3 e6 11. Nc1 exd5 12. cxd5 Re8 13. f3 Nh7 14. Bh6 f5 15. Bxg7
Kxg7 16. Be2 fxe4 17. Nxe4 Qxd2+ 18. Kxd2 Nf6 19. Nxf6 Kxf6 20. Na2 Bf5 21. g4
hxg4 22. fxg4 Rxe2+ 23. Kxe2 Bxg4+ 24. Kd2 Nd7 25. Rb3 b6 26. Nc3 Bf5 27. Re1
Rh8 28. Ne4+ Bxe4 29. Rxe4 Rxh2+ 30. Kd1 Rh1+ 31. Kc2 Rh2+ 32. Kd1 1/2-1/2